[Event "FRA-chT Top 12"]
[Site "Brest"]
[Date "2018.06.02"]
[Round "8"]
[White "Safarli, Eltaj"]
[Black "Hera, Imre Jr"]
[Result "1-0"]
[WhiteElo "2657"]
[BlackElo "2620"]
[Annotator "Hera,I"]
[PlyCount "85"]
[EventDate "2018.05.26"]
[EventType "team-tourn"]
[EventRounds "11"]
[EventCountry "FRA"]
[SourceTitle "CBM 193 Extra"]
[Source "ChessBase"]
[SourceDate "2020.01.31"]
[SourceVersion "1"]
[SourceVersionDate "2020.01.31"]
[SourceQuality "1"]
[WhiteTeam "Metz Fischer"]
[BlackTeam "Grasse Echecs"]
[WhiteTeamCountry "FRA"]
[BlackTeamCountry "FRA"]

1. e4 d5 2. exd5 Qxd5 3. Nc3 Qd6 4. d4 Nf6 5. Nf3 c6 6. Ne5 Nbd7 7. f4 Nb6 8.
g4 {The beginning of an extremely wild variation. It does not happen too often
that White is able to push his kingside pawns forward at such an early stage
of the opening while his king remains still in the middle. However, here he
can afford it because Black is out of dynamic resources in the centre.} g6 9.
Bg2 (9. g5 Nfd5 10. Ne4 Qd8 11. c4 Nc7 12. Qe2 {is another, very exciting line.
I remember that my favourite game has been the following one:} Bg7 13. c5 Ne6
$1 (13... Nbd5 $2 14. Nd6+ $1) 14. cxb6 Nxd4 15. Qf2 ({I also had a game long
time ago that has never been published on} 15. Qd3 Qxb6 16. Be3 (16. Nc4 Qc7
17. Be3 Nf5) 16... Nc2+ $1 17. Kf2 (17. Qxc2 Qxe3+ 18. Qe2 Qxf4 $1 19. Nd6+ Kf8
20. Ndxf7 Qb4+ 21. Kd1 (21. Kf2 Be6 22. Nxh8 $2 Qh4+ $1 23. Kg1 Qxg5+ 24. Bg2
Bxe5 $19) 21... Qa4+ 22. Ke1 Be6 23. Nxg6+ Kxf7 24. Nxh8+ Rxh8 25. Qh5+ Kg8 $44
{After the cutting-edge happenings the position still remains completely crazy.
}) 17... Qxb2 18. Nc4 (18. Rd1 Nxe3+ 19. Rd2 Nd1+ 20. Kg3 Qb6) 18... Qxa1 19.
Qxc2 Bd4 20. Bg2 Bxe3+ 21. Kxe3 Qg7 22. Qc3 O-O 23. Qxg7+ Kxg7 24. Rd1 Be6 $17
{J. Hirneise - Hera, Grenke (rapid) 2010.}) 15... Bxe5 16. fxe5 Qd5 17. Bg2 {
The upcoming moves are more or less forced.} Qc4 18. b3 Qd3 19. Qd2 Nc2+ 20.
Kf2 Qxd2+ 21. Bxd2 Nxa1 22. Rxa1 axb6 23. Be3 Be6 24. Bxb6 Bxb3 25. Nc3 h6 $11
{Shirov - Nisipeanu, Foros 1/2 2007}) 9... Bg7 10. O-O O-O 11. f5 $1 $146 {
My opening choice did not work out well at all. Instead of surprising my
opponent, it seemed that I fell for an unpleasant novelty. White opens the way
for his bishop and creates pressure on the f-file at the same time.} Rd8 $1 {
I tried to dig myself into the details of each possiblity, so I was thinking
for about 30 minutes here. But eventually I was able to find the continuation
which gave the best practical chance.} ({At the end of the month Scandinavian
expert, Danilo Milanovic reacted with} 11... Nfd7 {but was facing problems
after} 12. Ne4 Qc7 13. Nxd7 Qxd7 14. c3 Nd5 15. Qe1 $16 {Atakisi - Milanovic,
Belgrade 2018}) (11... Nbd5 12. Nxd5 cxd5 (12... Nxd5 13. c4) 13. Qe1 {is also
far from pleasant.}) 12. Ne2 Nfd7 $1 {I had to look for some activity,
otherwise White could pose several threats, such as c2-c4, Bf4 or fxg6 hxg6
followed by g4-g5.} ({At first I had thought} 12... Nbd7 {could be an
effective solution, but later on it turned out that} 13. Nc4 (13. Bf4 Nxe5 14.
Bxe5 Qb4 15. Ng3 $1 Qxb2 16. Qe2 $44) (13. Nxf7 {is entertaining again.} Kxf7
14. g5 Ng4 (14... gxf5 15. gxf6 Nxf6 16. Bf4 $44) 15. Bf4 e5 16. dxe5 Qc5+ 17.
Kh1 Ke8 18. Nd4 Nf8 {Although the position is totally sharp, White's bests are
silent moves.} 19. c3 gxf5 20. h3 Nxe5 21. Bxe5 Bxe5 22. Qh5+ Ke7 23. Nxf5+
Bxf5 24. Rxf5 Kd7 25. Re1 $44) 13... Qb4 14. b3 $1 {would have ensured White a
good edge. For instance:} Qb5 15. a4 Qa6 16. Ng3 $16) 13. Nxf7 $3 {I had seen
this reply, and obviously my strong opponent did not hesitate much either to
play it. Later it turned out that his powerful sacrifice practically refutes
the whole line.} ({The simple} 13. Nxd7 Bxd7 14. c3 {gives also an undoubtful
advantage.}) 13... Kxf7 14. Bf4 Qb4 15. c3 Qxb2 16. fxg6+ $2 {We both had felt
that this should be the logical continuation. Only the silicon heart showed me
the irresistible way.} ({We were analysing the game for an hour with the Azeri
grandmaster, but we did not find the completely spectacular} 16. Bc1 $3 {
Indeed, not really a human idea.} Qxa1 (16... Qb5 17. fxg6+ Kg8 18. gxh7+ Kh8
19. Nf4) 17. Qb3+ Ke8 18. fxg6 Nd5 19. Bxd5 cxd5 20. Qxd5 {Even if someone is
able to calculate until here, the situation may not be obvious for him. At
this stage Black is a rook and a piece up, and there even are not so many
white units around his king. Still, his position is basically hopeless.} Ne5 (
20... Nf6 21. Qf7+ Kd7 22. Ba3 $18) 21. Qg8+ Kd7 22. gxh7 $1 Qb1 23. Qxg7 $18)
16... Kg8 17. gxh7+ Kh8 18. Bc7 Re8 $2 {I regretted this move pretty fast.} ({
I felt that I should have played} 18... Rf8 {,however, I had become a bit
worried about possible back rank problems.} 19. Qd3 Qb5 20. Qc2 {Anyway, the
real complications begin just here!} Rxf1+ (20... Qg5 {is also possible, but
less clear.} 21. Nf4 Rf6 22. Rae1 Nd5 $1 23. Bxd5 cxd5 24. h3 {If we compare
the number of the attacking and defensive pieces, Black has all rights to
worry.} (24. Qg2 Nf8 25. Rxe7 Rxf4 26. Rxg7 Qxg7 27. Bxf4 Qxg4 28. Be5+ Kxh7
29. Rf7+ Kh6 30. Qxg4 Bxg4 31. Bg7+ Kg6 $11) 24... Nf8 $1 {Keeping eye on the
g6-square and opening the diagonal for the bishop are more important than
handling the control of the e5-square over White.} 25. Re5 (25. Be5 Rf7 (25...
Bd7 $5 26. Bxf6 Bxf6 $13) 26. Qg2 $44) 25... Qh4 26. Rh5 (26. Qh2 Bxg4 $1 27.
hxg4 Qxg4+ 28. Qg2 Qxg2+ 29. Kxg2 Ng6) 26... Qg3+ {Working in the middle of
the enemy camp alone requires more than bravery.} 27. Kh1 Bd7 $1 28. Be5 (28.
Ng6+ Nxg6 29. Bxg3 Rxf1+ 30. Kg2 Rf6 31. Rg5 Be8 $132) 28... Be8 $1 29. Rf5 Qe3
$13) 21. Rxf1 Nf6 (21... Qg5 $5 22. Nf4 (22. h3 Nd5 23. Bxd5 cxd5 24. Rf7 Nf6
25. Nf4 Ne4 $132) 22... Nf8 23. Nh5 $1 Nxh7 (23... Bxg4 $5 24. Nxg7 Ng6 25.
Bxb6 axb6 26. Nf5 Rf8 $44) 24. h3 Nd5 25. Bxd5 (25. Rf7 Nxc7 26. Rxg7 Qe3+ 27.
Kh2 Nf8 $13) 25... Bxg4 $1 {The key move of the line.} (25... cxd5 $2 26. Bf4
$16) 26. hxg4 Qxg4+ 27. Bg2 Qxh5 $132) 22. Nf4 Bxg4 23. Ng6+ Kxh7 24. Nxe7+ (
24. Be5 Qe2 25. Qb1 Qb5 $11) 24... Kh8 $11 {And we may say, this is was the
"easiest" line for Black.}) 19. Qd3 Nf8 (19... Nf6 {looks certainly better,
but in that case I am not able to cover the g6-square.} 20. Nf4) 20. Nf4 Bxg4
$2 (20... Qb5 {would arrive too late in view of} 21. Ng6+ Nxg6 22. Qxg6 $40) (
20... Be6 $1 {was the last practical attempt to stay in the game.} 21. Rfb1 $3
{Leaving the f1-a6 diagonal with tempo is quite important to prevent the
threat of ...Bc4.} Qa3 22. Nh5 Bc4 23. Qg3 $40) 21. Qg3 e5 22. Bxe5 Rxe5 23.
dxe5 Bf5 24. Nh5 Ne6 25. Rae1 Qc2 (25... Bxh7 26. Rf7 Rg8 27. Nf6 $1 Bxf6 28.
Rxh7+ Kxh7 29. Qh3+ Kg6 30. Qxe6 $18 {contained not much fun either.}) 26. Rf2
Qd3 27. Rf3 Qc2 28. Rf2 Qd3 29. Rf3 Qc2 30. Ref1 Bxh7 31. Nxg7 Rg8 32. Nxe6 $1
Rxg3 33. Rxg3 {Although I did not get mated, White kept a decisive advantage.}
Nd7 34. Ng5 Nxe5 35. Rh3 Kg8 36. Nxh7 Ng4 37. Rg3 Kxh7 38. Rxg4 Qxc3 39. Be4+
Kh6 40. Rg6+ Kh5 41. Rf5+ Kh4 42. Rh6+ Kg4 43. h3+ 1-0

[Event "Itau Mercosul Cup 3rd"]
[Site "Sao Paulo"]
[Date "1999.??.??"]
[Round "7"]
[White "Leitao, Rafael Duailibe"]
[Black "Dumont, Sadi Glasser"]
[Result "1-0"]
[WhiteElo "2574"]
[BlackElo "2370"]
[Annotator "Hindemburg,Melao"]
[PlyCount "53"]
[EventDate "1999.10.??"]
[EventType "swiss"]
[EventRounds "9"]
[EventCountry "BRA"]
[SourceTitle "EXT 2000"]
[Source "ChessBase"]
[SourceDate "1999.11.16"]
[SourceVersion "1"]
[SourceVersionDate "1999.11.16"]
[SourceQuality "1"]

1. e4 d5 2. exd5 Nf6 3. d4 Nxd5 4. c4 Nb6 5. Nc3 e5 6. d5 (6. dxe5 Qxd1+ 7.
Kxd1 Be6 8. b3 Nc6 9. f4 O-O-O+ 10. Kc2 Nd4+ 11. Kb2 Bf5 $44) 6... Bb4 7. Qb3
Bxc3+ 8. Qxc3 {^^} O-O 9. Be3 c6 (9... N8d7 $142 10. Nf3 Qe7 11. Be2 $14) 10.
d6 $16 {o^ d6} Be6 11. Nf3 f6 12. Bd3 (12. Be2 $5) 12... N8d7 (12... e4 $1 13.
Bxe4 Nxc4 14. O-O-O Nxe3 15. Qxe3 Bxa2 16. b3 Qa5 17. Kb2 Na6 18. Ra1 Nb4 19.
Bb1 Rfe8 20. Qd2 $8 Qb5 21. Nd4 $8 Qd5 22. Bxa2 (22. Qxb4 c5 23. Qc4 Qxc4 24.
bxc4 Bxb1 25. d7 Re7 26. Rxa7 Rd8 27. Nb3 Bf5 28. Nxc5 b6 29. Na4 Rexd7 30.
Rxd7 Rxd7 31. Nxb6 Rd2+ 32. Kc3 Rxf2 $11) 22... Qxd6 23. Rhd1 Rad8 $44) 13.
O-O-O Qe8 14. Qc2 f5 15. Ng5 h6 16. Nxe6 Qxe6 17. f4 $1 e4 18. Be2 c5 {>< Pd6}
19. Rhg1 $1 $40 Kh8 20. g4 fxg4 21. Rxg4 Nf6 22. Rg6 Nbd7 23. Bg4 Qf7 24. Bf5
Ng4 $2 (24... b5 $5) 25. Bxg4 $18 Qxg6 26. Bxd7 Rad8 27. f5 1-0

[Event "Edinburgh Challenge m"]
[Site "Edinburgh"]
[Date "1996.12.14"]
[Round "1"]
[White "Rowson, Jonathan"]
[Black "Arkell, Keith C"]
[Result "1-0"]
[WhiteElo "2425"]
[BlackElo "2545"]
[Annotator "Jacoby,G"]
[PlyCount "95"]
[EventDate "1996.12.14"]
[EventType "match"]
[EventRounds "6"]
[EventCountry "SCO"]
[SourceTitle "CBM 057"]
[Source "ChessBase"]
[SourceDate "1997.04.01"]
[SourceVersion "1"]
[SourceVersionDate "1997.04.01"]
[SourceQuality "1"]

{The 5000 pound prize money (3.500:1.500) means: This is the biggest purse for
a non title match ever held in the UK.} 1. e4 d5 2. exd5 Nf6 3. Nf3 (3. d4 Bg4
$5) 3... Nxd5 (3... c6 4. dxc6 (4. c4 cxd5 5. d4 {Caro-Kann Panov}) 4... Nxc6
5. Be2 (5. Bc4) 5... e5 6. d3 Bc5 7. Be3 (7. Nc3 $142) 7... Bxe3 8. fxe3 Qb6 9.
h3 Qxe3 10. Qd2 Qb6 11. b3 O-O 12. Nc3 Be6 13. Ng5 Nd4 14. Bf3 Rac8 15. O-O-O
Rxc3 16. Qxc3 Rc8 17. Qd2 Bxb3 {0-1 Marachi-Uzman,N/Siegen olm 1970}) (3... Bg4
4. Bb5+ $1 Nbd7 5. h3 $1 Bf5 6. c4 {Day,L-Kegel,J/Toronto op 1995/1-0 (40)}) 4.
d4 Bf5 (4... Bg4 5. Be2 e6 6. O-O Nc6 7. c4 Nb6 8. Nc3 Be7 9. d5 (9. c5 Nd5 10.
Qb3 Rb8 11. Nxd5 Qxd5 12. Qa4 O-O 13. h3 Bh5 14. Be3 Bf6 15. Rad1 Rfd8 16. Rfe1
{1/2-1/2 McShane,L-Bryson,D/Hastings Challengers 1995 (42)}) 9... exd5 10. cxd5
Nb4 11. Qd4 Bxf3 12. Bxf3 O-O 13. Qd1 Nc4 14. Re1 Re8 15. a3 Na6 16. Be2 Nd6
17. Qc2 {Lau,R-Buecker,S/BL9394 1994/1-0 (49)}) (4... g6 5. c4 Nb6 6. h3 Bg7 7.
Nc3 O-O 8. Be2 Nc6 9. Be3 e5 10. d5 Ne7 11. O-O Nf5 12. Bg5 f6 13. Bd2 Re8 (
13... Qe7 14. Re1 Rd8 15. a4 a5 16. g4 Nh6 17. Be3 Nd7 18. Ne4 {1-0 Stripunsky,
A-Vshivkov/Moscow op 1994 (41)}) 14. Re1 e4 15. Nh2 Nd7 16. Bf1 Nd6 17. f4 c5 {
0-1 Cao,S-Shinkevich,V/Budapest FS02 GM 1996 (49)}) 5. Nh4 Bg6 (5... Be6 6. Be2
g6 7. c4 Nb6 8. d5 Bc8 9. Qd4 f6 10. Nf3 Bg7 11. Nc3 e5 12. dxe6 Bxe6 13. Qe4
Qe7 14. Qxb7 {1-0 Zvjaginsev,V-Mellado,J/Barbera op 1996 (49)}) (5... Bc8 6.
Nf3 Bf5 7. Nh4 Bc8 8. g3 g6 9. Bg2 Bg7 10. O-O O-O 11. c3 c6 12. Na3 Nd7 13. f4
N7f6 14. f5 c5 {Pedzich,D-Kaminski,M/POL-ch 1996/1/2-1/2 (51)}) (5... Bd7 6.
Be2 g6 7. c4 Nb6 8. Nf3) 6. Nd2 e6 7. Nxg6 hxg6 8. Nf3 Nd7 9. g3 c6 (9... c5 $5
10. dxc5 (10. Bg2 c4) 10... Bxc5 11. Bg2 $14) 10. Bg2 Be7 11. O-O O-O 12. c4
N5f6 13. Qe2 (13. Qc2 $5) 13... Re8 14. Rd1 Qc7 15. b3 Rad8 $6 (15... Bd6 $5 {
/\e6-e5} 16. Bb2 e5 17. c5 $6 exd4 18. cxd6 Rxe2 19. dxc7 Rxb2 20. Nxd4 Rc8 21.
Nb5 $6 a6 $1 $17 (21... cxb5 $2 22. Rac1 $18)) 16. Bb2 Bf8 17. Bc3 $5 {/\b3-b4}
a5 18. Rac1 Qb6 19. Ng5 $1 $14 Bb4 $4 20. c5 $1 Qa7 21. Bb2 $1 {/\a2-a3} a4 22.
a3 Ba5 23. b4 Bc7 24. b5 cxb5 25. Qxb5 Nd5 26. Rc4 Qa5 27. Qxb7 $1 N7f6 28. Qc6
Ra8 {[%tqu "De","Wie rettet Weiß seine durch Ta8-a6 bedrohte Dame?","Die Dame
kann nicht fliehen","","g5e4","",10]} 29. Ne4 Ra6 30. Nxf6+ Nxf6 31. Bc3 $1
Rxc6 32. Bxa5 Nd5 33. Bxc7 Rxc7 34. Rb1 $18 Ra7 35. Kf1 Kf8 36. Bxd5 exd5 37.
Rcb4 Rc8 38. Rb7 Ra6 39. R1b6 Rxb6 40. Rxb6 Ke7 41. h4 Rf8 42. Ke2 Rh8 43. Rb4
Ra8 44. Ke3 Ra6 45. Rb7+ Ke8 46. Rb6 Ra7 47. Kd2 f6 48. c6 1-0

[Event "USA-ch GpB"]
[Site "San Diego"]
[Date "2006.03.08"]
[Round "6"]
[White "Kaidanov, Gregory S"]
[Black "Zatonskih, Anna"]
[Result "1-0"]
[WhiteElo "2603"]
[BlackElo "2433"]
[Annotator "Kaidanov,G"]
[PlyCount "81"]
[EventDate "2006.03.02"]
[EventType "swiss"]
[EventRounds "9"]
[EventCountry "USA"]
[SourceTitle "CBM 112"]
[Source "ChessBase"]
[SourceDate "2006.06.07"]
[SourceVersion "1"]
[SourceVersionDate "2006.06.07"]
[SourceQuality "1"]

1. e4 {Finkel,A} d5 2. exd5 Qxd5 3. Nf3 Bg4 4. Be2 c6 5. d4 Nf6 6. c4 Qd8 7.
Nc3 e6 8. h3 Bh5 9. O-O Bd6 $6 (9... Be7 $142 10. Bf4 O-O 11. g4 (11. a3 {
Finkel,A} Nbd7 (11... a5 12. Re1 Re8 13. Ne5 Bxe2 14. Rxe2 Na6 15. Rd2 Nd7 16.
Ne4 Qc8 17. Qc2 $14 {Korneev,O-Tiviakov,S/Khanty Mansiysk 2005}) 12. Ne5 Bxe2
13. Qxe2 Re8 14. Rad1 Qb6 15. Rfe1 Qa6 16. g4 Nf8 17. g5 N6d7 18. Nxd7 Nxd7 19.
d5 $36 {Korneev,O-Tiviakov,S/Khanty Mansiysk 2005}) 11... Bg6 12. Ne5 Nbd7 13.
h4 $6 Nxe5 14. dxe5 Ne4 $11) 10. Bg5 {Finkel,A: 'The difference in the
position of the bishop is quite crucial as White may transfer d5 right away
once the bishop is on d6.'} h6 {Finkel,A: 'A possible continuation, even
though Black seems to have reasonable chances to equalize also after'} (10...
Be7 11. Qd2 (11. Qb3 Qb6) 11... O-O 12. Rad1 Nbd7 13. Ne5 Bxe2 14. Qxe2 $14)
11. Bxf6 gxf6 $2 {Finkel,A: 'A serious strategical mistake after which Black
is in serious troubles.'} (11... Qxf6 12. Qb3 (12. d5 exd5 (12... cxd5 13. Qa4+
(13. cxd5 O-O 14. Ne4 (14. dxe6 Qxe6 15. Nd4 Qe5 16. f4 Qe3+ 17. Kh1 Bxe2 18.
Ndxe2 Rd8) 14... Qf4 15. Nxd6 Qxd6 16. dxe6 Qxe6 17. Nd4 Bxe2 18. Nxe6 Bxd1 19.
Nxf8 Ba4 20. b3 Be8 21. Rfd1 Kxf8 22. Rd8 Ke7 23. Rad1 a5 24. Rc8 Bd7 25. Rg8
g6) 13... Nc6 14. cxd5 exd5 15. Nxd5 (15. Ba6 Bxf3 16. Bxb7 O-O) 15... Qf5 16.
Rfd1 O-O (16... Bxf3 17. Bxf3 O-O 18. Ne3 Qe5 19. Bxc6 bxc6 20. Qxc6 Rad8 $13)
17. Nh4 (17. g4 Qe6) 17... Qe5 18. Bxh5 Qxh5 19. Nf6+ gxf6 20. Rxd6 Rfd8 $11)
13. cxd5 O-O 14. dxc6 (14. Ne4 Qf4 15. Nxd6 Qxd6 16. dxc6 Qxd1 17. Rfxd1 (17.
cxb7 Qd5) 17... Nxc6 18. Rd7 Rab8 $11) 14... Nxc6 15. Ne4 Qe6 16. Nxd6 Rad8 $11
) 12... b6 13. Ne4 Qf4 14. Nxd6+ Qxd6 15. c5 Qc7 16. Qe3 (16. cxb6 axb6 17.
Rfc1 O-O $11) 16... O-O 17. g4 Bg6 18. Ne5 Bh7 19. f4 $14) 12. d5 Qe7 13. Re1 {
Finkel,A: 'Increasing the pressure on e6.'} Na6 14. Nh4 (14. dxc6 O-O-O (14...
bxc6 15. Nd4 Bxe2 16. Qxe2) 15. Qa4 $16) 14... Bxe2 15. Qxe2 Be5 16. dxc6 bxc6
17. Qf3 {Finkel,A: 'Wherever the black king goes it won't be safe.'} Rc8 18.
Rad1 O-O 19. Qh5 Kh7 20. Ne4 Rfd8 (20... Bxb2 21. Nf5 exf5 22. Ng5+) (20... Nc5
21. Nf3 $16 (21. Nxf6+ Bxf6 22. Nf5 exf5 23. Qxf5+ Kg8 24. Rxe7 Bxe7 25. Re1
Bd6 26. b4 Rfe8 27. Rd1 Nb7 $16)) (20... Rcd8 $5) 21. Nf3 Bb8 (21... Bxb2 22.
Rb1 Ba3 23. Qa5 Nb8 (23... f5 24. Ng3 Nc7 25. Rb3 Bc5 26. Nxf5 Qf8 27. Ng3) 24.
c5 $18) 22. Qa5 $1 Nc7 $2 $138 (22... f5 23. Ned2 Nc5 24. b4 Nd3 25. Qxf5+ Kh8
(25... exf5 26. Rxe7) 26. Qh5 Nxe1 27. Qxh6+ Kg8 28. Rxe1 $16) 23. Nd4 $18 Nd5
24. cxd5 cxd5 25. Nc3 (25. Nf5 Qf8 26. Nxf6+ Kg6 27. Nxd5 exf5 (27... Rxd5 28.
Rxd5 exd5 29. Ne7+ $18) 28. Ne3 $18) 25... Qd6 26. Nf3 Rg8 27. Ne4 (27. Rd4 Rg6
28. Ne2 Rcg8 29. Nf4 R6g7) 27... Qf4 28. Ng3 Rc2 29. Rd4 Qxf3 (29... Qc7 30.
Qxc7 Bxc7 31. Nh5 Rg6 32. Rd2 $18) 30. gxf3 Bxg3 31. Rg4 Bxf2+ 32. Kh1 Bxe1 33.
Qxe1 Rxg4 34. hxg4 Rxb2 35. Qc3 Rxa2 36. Qxf6 Kg8 37. Qxh6 Rf2 38. Qf6 a5 39.
Kg1 Rc2 40. g5 Rc6 41. g6 1-0

[Event "Groningen"]
[Site "Groningen"]
[Date "1990.??.??"]
[Round "?"]
[White "Adams, Michael"]
[Black "Rogers, Ian"]
[Result "1/2-1/2"]
[WhiteElo "2590"]
[BlackElo "2535"]
[Annotator "King,D"]
[PlyCount "73"]
[EventDate "1990.12.??"]
[EventType "tourn"]
[EventRounds "9"]
[EventCountry "NED"]
[EventCategory "13"]
[SourceTitle "CBM 021"]
[Source "ChessBase"]
[SourceDate "1991.04.01"]
[SourceVersion "1"]
[SourceVersionDate "1991.04.01"]
[SourceQuality "1"]

1. e4 d5 2. exd5 Qxd5 3. Nc3 Qa5 4. d4 Nf6 5. Nf3 Bg4 6. Bd2 c6 7. h3 Bh5 8.
Bc4 e6 9. Qe2 Bb4 10. a3 Nbd7 11. O-O-O Bxc3 12. Bxc3 $14 Qc7 13. g4 Bg6 14.
Ne5 Nd5 15. Bd2 Nxe5 16. dxe5 O-O-O 17. f4 h5 18. Qf2 Qb6 19. Rhf1 Qxf2 20.
Rxf2 hxg4 21. hxg4 Nb6 22. Be2 Be4 23. Re1 g6 24. Bb4 Rd7 25. b3 Nd5 26. Bd2
Nb6 27. Bd1 Bh1 28. Rff1 Bg2 29. Rg1 Bd5 30. Bb4 Rh3 31. Rgf1 Bg2 32. Rf2 Bh1
33. c4 Rd4 34. Kb2 Nd7 35. Be2 c5 36. Bc3 Re4 37. Bf1 1/2-1/2

[Event "Groningen op"]
[Site "Groningen"]
[Date "1990.??.??"]
[Round "8"]
[White "Malisauskas, Vidmantas"]
[Black "Hansen, Curt"]
[Result "0-1"]
[WhiteElo "2495"]
[BlackElo "2560"]
[Annotator "King,D"]
[PlyCount "80"]
[EventDate "1990.??.??"]
[EventType "swiss"]
[EventRounds "9"]
[EventCountry "NED"]
[SourceTitle "CBM 022"]
[Source "ChessBase"]
[SourceDate "1991.06.01"]
[SourceVersion "1"]
[SourceVersionDate "1991.06.01"]
[SourceQuality "1"]

1. e4 d5 2. exd5 Qxd5 3. Nc3 Qa5 4. Nf3 Nf6 5. Be2 Bg4 6. Nd4 $2 Bxe2 7. Qxe2
c6 8. Nf3 Nbd7 9. O-O e6 10. d3 Be7 11. Ne4 O-O 12. Nxf6+ Bxf6 13. Bd2 Qc7 14.
c3 a5 15. Bg5 a4 16. Bxf6 Nxf6 17. a3 c5 18. d4 b6 19. Rad1 Rfd8 20. dxc5 bxc5
21. Rxd8+ Rxd8 22. Qa6 Rb8 23. Rb1 Nd5 24. Re1 Rxb2 25. Qxa4 g6 26. c4 Nc3 27.
Qa8+ Kg7 28. g3 Qd6 29. Qa7 Ne2+ 30. Kf1 h6 31. a4 g5 32. Qa8 Qd3 33. Kg2 Qxc4
34. Rd1 g4 35. Ne5 Qc2 36. Rf1 Qf5 37. Nd7 Nd4 38. Kg1 Rd2 39. Nb6 Qd3 40. a5
Rd1 0-1

[Event "Barcelona"]
[Site "Barcelona"]
[Date "1990.??.??"]
[Round "5"]
[White "Ochoa de Echaguen, Francisco Javier"]
[Black "Illescas Cordoba, Miguel"]
[Result "1/2-1/2"]
[WhiteElo "2400"]
[BlackElo "2535"]
[Annotator "King,D"]
[PlyCount "25"]
[EventDate "1990.09.??"]
[EventType "tourn"]
[EventRounds "9"]
[EventCountry "ESP"]
[EventCategory "10"]
[SourceTitle "CBM 021"]
[Source "ChessBase"]
[SourceDate "1991.04.01"]
[SourceVersion "1"]
[SourceVersionDate "1991.04.01"]
[SourceQuality "1"]

1. e4 d5 2. exd5 Nf6 3. d4 Nxd5 4. Nf3 g6 5. Be2 Bg7 6. O-O O-O 7. Na3 (7. h3
$1 c6 8. Re1 Nd7 9. Bf1 Re8 10. c4 Nc7 11. Nc3 {+/-; Geller-Maric, 1968.}) 7...
Nc6 8. Nc4 Nb6 9. c3 Nxc4 10. Bxc4 Qd6 11. h3 Na5 12. Be2 c5 13. Qa4 1/2-1/2

[Event "Lyon zt"]
[Site "Lyon"]
[Date "1990.??.??"]
[Round "5"]
[White "Renet, Olivier"]
[Black "Brenninkmeijer, Joris"]
[Result "1/2-1/2"]
[WhiteElo "2520"]
[BlackElo "2475"]
[Annotator "King,D"]
[PlyCount "83"]
[EventDate "1990.04.??"]
[EventType "tourn"]
[EventRounds "13"]
[EventCountry "FRA"]
[EventCategory "8"]
[SourceTitle "CBM 018"]
[Source "ChessBase"]
[SourceDate "1990.10.01"]
[SourceVersion "1"]
[SourceVersionDate "1990.10.01"]
[SourceQuality "1"]

1. e4 d5 2. exd5 Qxd5 3. Nc3 Qa5 4. Nf3 Nf6 5. Bc4 Bf5 6. d3 {The system with
6.d3 has hidden venom. It is perhaps even more dangerous if white delays the
development of his king's knight. There is a good example of this system on
the 'Express 16' disk} c6 7. Bd2 Qc7 8. Qe2 Nbd7 9. Nh4 Bg6 10. h3 e6 11. f4
Bd6 12. Rf1 O-O 13. Nxg6 hxg6 14. Ne4 b5 15. Bb3 Nxe4 16. dxe4 a5 17. c3 c5 18.
Bc2 c4 19. h4 e5 20. f5 gxf5 21. exf5 e4 22. O-O-O Rfe8 23. Be3 Ra6 24. h5 Bf8
25. Rd4 Qb7 26. h6 gxh6 27. Qg4+ Bg7 28. Rxe4 Rxe4 29. Bxe4 Qc7 30. Bd4 Nf6 31.
Qf3 Nxe4 32. Qxe4 Qc6 33. Qxc6 Rxc6 34. f6 Bh8 35. Rf5 b4 36. Kc2 Ra6 37. b3
cxb3+ 38. axb3 Kh7 39. cxb4 axb4 40. Kd3 Kg6 41. Rf2 Rc6 42. Rf3 1/2-1/2

[Event "Terrassa"]
[Site "Terrassa"]
[Date "1990.??.??"]
[Round "9"]
[White "Magem Badals, Jordi"]
[Black "Bellon Lopez, Juan Manuel"]
[Result "0-1"]
[WhiteElo "2460"]
[BlackElo "2445"]
[Annotator "King,D"]
[PlyCount "70"]
[EventDate "1990.04.??"]
[EventType "tourn"]
[EventRounds "11"]
[EventCountry "ESP"]
[EventCategory "11"]
[SourceTitle "CBM 019"]
[Source "ChessBase"]
[SourceDate "1990.12.01"]
[SourceVersion "1"]
[SourceVersionDate "1990.12.01"]
[SourceQuality "1"]

1. e4 d5 2. exd5 Qxd5 3. Nc3 Qa5 4. d4 Nf6 5. Nf3 Nc6 {Typical of Bellon's
provocative style.} 6. Bb5 Bd7 7. O-O $5 {7.d5! is more to the point.} O-O-O 8.
Be3 Nd5 9. Qe2 Nxc3 10. bxc3 a6 11. a4 f6 12. d5 Nb8 13. Nd4 Qxc3 14. Bc4 g6
15. Rab1 e5 16. dxe6 Bxa4 17. Ra1 Be8 18. Rfb1 Rxd4 19. Bxd4 Qxd4 20. e7 Bxe7
21. Qxe7 Qxc4 22. Qxf6 Rg8 23. Rd1 Bd7 24. Re1 Nc6 25. Rad1 Rd8 26. Qg7 Qxc2
27. Qxh7 Qf5 28. Re3 Qh5 29. Qxh5 gxh5 30. h4 a5 31. Rd5 Be8 32. Rg5 a4 33. Rg8
Bf7 34. Rg7 Bc4 35. g4 b5 0-1